000 00211 a2200097 4500
001 58244
100 _a
245 _aPower Electronics
260 _aLondon
_bEdward Arnold
_c1990
090 _c35741
_d35741
942 _aNUST-CAE
_cMONOGRAPH
_c28604
999 _c293317
_d293317